000 00869nam a2200301 i 4500
001 bgj
100 1 _aBACKES, Herbert.
245 1 0 _aDie Hochzeit Merkurs und der Philologie :
_bStudien zu Notkers Martian-Übersetzung /
_cHerbert Backes.
260 _aSigmaringen :
_bJan Thorbecke Verlag,
_c1982.
300 _a216 S. ;
_c24 cm.
504 _aBibliographie S. 192-203.
505 _aRegister.
600 1 9 _aNotker, Labeo, ca 950-1022
650 9 _aMartianus, Capella
650 9 _aArtes Liberales
650 9 _aÜbersetzung
650 9 _aAlthochdeutsch
650 9 _aEtymologie
650 9 _aMittelalter, Literatur
650 9 _aMittelalter, Literatur
650 9 _aLiteratur über die Werke
020 _a3799570160
040 _cBPK
041 0 _ager
920 _a3-7995-7016-0
942 _cKS
008 s gw f |000 0 ger
999 _c50313
_d50313
856 _uhttp://koha.tu.koszalin.pl/cgi-bin/koha/opac-detail.pl?biblionumber=50313
_yKatalog online BPK